Carregant...
Academic Library system and services
| Autor principal: | |
|---|---|
| Format: | Printed Book |
| Publicat: |
New Delhi
Ess Ess PUB.
2015
|
| LEADER | 00468nam a2200157 4500 | ||
|---|---|---|---|
| 020 | |a 9.78817000752e+12 |c Rs | ||
| 082 | |a 027 GUR/ACA | ||
| 100 | |a Atlantic | ||
| 245 | |a Academic Library system and services |c Atlantic | ||
| 250 | |||
| 260 | |a New Delhi |b Ess Ess PUB. |c 2015 | ||
| 500 | |||
| 700 | |||
| 942 | |c REF | ||
| 999 | |c 210675 |d 210675 | ||
| 952 | |0 0 |1 0 |4 0 |6 027_000000000000000_GUR_ACA |7 0 |9 224022 |a DLS |b DLS |d 2019-11-05 |g 0.00 |l 0 |o 027 GUR/ACA |p DLS4763 |r 2019-11-05 |w 2019-11-05 |y REF | ||